Т. 3: D - I; Ретроспективный сводный указатель иностранных периодических и продолжающихся изданий, имеющихся в крупнейших библиотеках СССР. 1750 - 1965. Естественные науки. Техника. Медицина. Сельское хозяйство

Bibliographische Detailangaben
Parent link:Ретроспективный сводный указатель иностранных периодических и продолжающихся изданий, имеющихся в крупнейших библиотеках СССР. 1750 - 1965. Естественные науки. Техника. Медицина. Сельское хозяйство: [в 5 т.]/ Государственная ордена Ленина библиотека СССР им. В. И. Ленина; Всесоюзная ордена Трудового Красного Знамени библиотека иностранной литературы; Библиотека по естественным наукам Академии наук СССР; Государственная публичная научно-техническая библиотека СССР. Т. 3: D - I.— , 1974-1978
Sprache:Russisch
Veröffentlicht: 1976
Schlagworte:
Format: Buch
KOHA link:https://koha.lib.tpu.ru/cgi-bin/koha/opac-detail.pl?biblionumber=90361

MARC

LEADER 00000nam2a2200000 4500
001 90361
005 20231031103447.0
035 |a (RuTPU)RU\TPU\book\96900 
035 |a RU\TPU\book\96892 
090 |a 90361 
100 |a 20060208d1976 k y0rusy50 ca 
101 0 |a rus 
102 |a RU 
105 |a y a 000zy 
200 0 |a Т. 3: D - I 
210 |d 1976 
215 |a 469 с. 
461 1 |0 (RuTPU)RU\TPU\book\96891  |t Ретроспективный сводный указатель иностранных периодических и продолжающихся изданий, имеющихся в крупнейших библиотеках СССР. 1750 - 1965. Естественные науки. Техника. Медицина. Сельское хозяйство  |o [в 5 т.]  |f Государственная ордена Ленина библиотека СССР им. В. И. Ленина; Всесоюзная ордена Трудового Красного Знамени библиотека иностранной литературы; Библиотека по естественным наукам Академии наук СССР; Государственная публичная научно-техническая библиотека СССР  |v Т. 3: D - I  |d 1974-1978 
610 1 |a периодические издания 
610 1 |a продолжающиеся издания 
610 1 |a иностранная литература 
610 1 |a ретроспективная библиография 
610 1 |a библиографические указатели 
686 |a Я171  |v LBC/SL-A  |2 rubbk 
801 1 |a RU  |b 63413507  |c 20060208  |g PSBO 
801 2 |a RU  |b 63413507  |c 20130401  |g PSBO 
942 |c BK